Discrete Mathematics and its Applications / (Include CD) (Record no. 188764)

000 -LEADER
fixed length control field 01256 a2200253 4500
003 - CONTROL NUMBER IDENTIFIER
control field Nust
005 - DATE AND TIME OF LATEST TRANSACTION
control field 20220729124611.0
010 ## - LIBRARY OF CONGRESS CONTROL NUMBER
LC control number 2002070890
020 ## - INTERNATIONAL STANDARD BOOK NUMBER
International Standard Book Number 0072424346 (acid-free paper)
040 ## - CATALOGING SOURCE
Transcribing agency Nust
082 00 - DEWEY DECIMAL CLASSIFICATION NUMBER
Classification number 511,ROS
100 1# - MAIN ENTRY--PERSONAL NAME
Personal name Rosen, Kenneth H.
9 (RLIN) 17956
245 10 - TITLE STATEMENT
Title Discrete Mathematics and its Applications / (Include CD)
Statement of responsibility, etc. Kenneth H. Rosen.
250 ## - EDITION STATEMENT
Edition statement 5th ed.
260 ## - PUBLICATION, DISTRIBUTION, ETC.
Place of publication, distribution, etc. Boston :
Name of publisher, distributor, etc. McGraw-Hill,
Date of publication, distribution, etc. c2003.
300 ## - PHYSICAL DESCRIPTION
Extent xxi, 787, 9, 8, 83, 1, 18 p. :
Other physical details ill. (some col.) ;
Dimensions 26 cm.
505 ## - FORMATTED CONTENTS NOTE
Formatted contents note The Foundations: Logic and Proof, Sets, and Functions (Page-1), The Fundamentals: Algorithms, the Integers, and Matrices (Page-120), Mathematical Reasoning, Induction, and Recursion (Page-213), Counting (Page-301), Discrete Probability (Page-355), Advanced Counting Techniques (Page-401), Relations (Page-471), Graphs (Page-537), Trees (Page-631), Boolean Algebra (Page-701), Modeling Computation (Page-739).
650 #0 - SUBJECT ADDED ENTRY--TOPICAL TERM
Topical term or geographic name entry element Computer science
General subdivision Mathematics.
9 (RLIN) 17957
650 #0 - SUBJECT ADDED ENTRY--TOPICAL TERM
Topical term or geographic name entry element Mathematics.
651 ## - SUBJECT ADDED ENTRY--GEOGRAPHIC NAME
Geographic name (Include CD)
9 (RLIN) 8953
856 41 - ELECTRONIC LOCATION AND ACCESS
Materials specified Publisher description
Uniform Resource Identifier <a href="http://www.loc.gov/catdir/description/mh024/2002070890.html">http://www.loc.gov/catdir/description/mh024/2002070890.html</a>
856 41 - ELECTRONIC LOCATION AND ACCESS
Materials specified Table of contents
Uniform Resource Identifier <a href="http://www.loc.gov/catdir/toc/mh031/2002070890.html">http://www.loc.gov/catdir/toc/mh031/2002070890.html</a>
942 ## - ADDED ENTRY ELEMENTS (KOHA)
Source of classification or shelving scheme
Koha item type Reference
Holdings
Withdrawn status Lost status Source of classification or shelving scheme Damaged status Not for loan Permanent Location Current Location Shelving location Date acquired Full call number Barcode Date last seen Price effective from Koha item type Public note
          Military College of Signals (MCS) Military College of Signals (MCS) Reference 12/12/2016 511,ROS MCS34540 12/08/2016 12/12/2016 Reference Almirah No.19, Shelf No.3
© 2023 Central Library, National University of Sciences and Technology. All Rights Reserved.